Gaming Quiz

Random Gaming Quiz

League of Legends Champions by Limited Edition Skins Quiz Stats

 Plays Quiz not verified by Sporcle

Also try: Gaming by Numbers
Challenge
Share
Tweet
Embed
Score 0/67 Timer 16:00
0 Plays Today
Skin Champion % Correct
Red Riding/_____ in WonderlandAnnie
96.4%
Scuba/SantaGragas
96.4%
Riot K-9Nasus
96.4%
Blacksmith/Noxus/RagdollPoppy
92.9%
Time Machine/Old SaintZilean
92.9%
Toxic/Mr. _____verse/TPADr. Mundo
92.9%
Sailor/Toy SoldierGangplank
92.9%
Sasquatch/TPA/WorkshopNunu
92.9%
Pharaoh/Re-Gifted/VancouverAmumu
92.9%
Team SpiritAnivia
92.9%
UnmaskedKayle
89.3%
Alien Invader/Snowmer______Heimerdinger
89.3%
Angler/SKT T1/The Mighty ___Jax
89.3%
The MagnificentTwisted Fate
89.3%
Firefighter/Earnest ElfTristana
89.3%
Leopard/Snow BunnyNidalee
89.3%
SafariCaitlyn
89.3%
Nottingham/TPA/StrikerEzreal
89.3%
SKT T1Lee Sin
89.3%
Bad Santa/CurlingVeigar
89.3%
MatadorAlistar
85.7%
Frozen/Yellow Jacket/TPAShen
85.7%
ProfessorRyze
85.7%
EmeraldTaric
85.7%
Caterpillar/Sonoran/ReindeerKog'Maw
85.7%
FeralWarwick
85.7%
Muse/Silent NightSona
85.7%
Riot/GoalkeeperBlitzcrank
85.7%
Haunted/FestiveMaokai
85.7%
SKT T1Vayne
85.7%
Slay Belle/Red CardKatarina
85.7%
Dark Candy/Union JackFiddlesticks
85.7%
MasqueradeEvelynn
82.1%
Badger/Happy ElfTeemo
82.1%
Skin Champion % Correct
Desert TrooperGaren
82.1%
Highland/Warring KingdomsTryndamere
82.1%
MoltenRammus
82.1%
Spectacular/SnowstormSivir
82.1%
ShamrockMalphite
82.1%
Snow DaySinged
82.1%
RiotGraves
82.1%
HeadlessHecarim
82.1%
Winter WonderLulu
82.1%
Red Baron/Ice TobboganCorki
78.6%
Workshop/Nut_____Shaco
78.6%
Crimson/All-StarAkali
78.6%
DragonbladeRiven
78.6%
ChampionshipThresh
78.6%
SKT T1Zed
78.6%
Kingpin/Whistler VillageTwitch
75%
VizierMalzahar
75%
TraditionalKarma
75%
SKT T1Zyra
75%
MistletoeLeBlanc
75%
Snow DayZiggs
75%
TraditionalTrundle
71.4%
Candy CaneMiss Fortune
71.4%
Swamp MasterKennen
67.9%
TraditionalSejuani
67.9%
ButcherUrgot
64.3%
TPAOrianna
64.3%
FestivalKassadin
64.3%
HextechGalio
60.7%
Dragon KnightMordekaiser
57.1%
NightmareCho'Gath
57.1%
PhantomKarthus
53.6%
HextechSion
50%

You're not logged in!

Compare scores with friends on all Sporcle quizzes.
OR
Log In

You Might Also Like...

Show Comments

Extras

Top Quizzes Today


Score Distribution

Your Account Isn't Verified!

In order to create a playlist on Sporcle, you need to verify the email address you used during registration. Go to your Sporcle Settings to finish the process.

Report this User

Report this user for behavior that violates our Community Guidelines.

Details: